[Event "Vila de Salou"]
[Site "Vila de Salou"]
[Date "1995.??.??"]
[Round "8"]
[White "Hernando Rodrigo, Jose Maria"]
[Black "Jurkovic, Ante"]
[Result "1/2-1/2"]
[WhiteElo "2280"]
[BlackElo "2335"]

1.c4 g6 2.g3 Bg7 3.Bg2 Nf6 4.Nf3 O-O 5.O-O d6 6.Nc3 c6 7.d4 Qb6 8.h3 Qa6
9.b3 d5 10.Ne5 dxc4 11.Nxc4 Be6 12.Ne3 Rd8 13.Bb2 Nbd7 14.Qc2  1/2-1/2

[Event "CUB-ch sf"]
[Site "Villa Clara"]
[Date "1995.??.??"]
[Round "2"]
[White "Gavilanes, Antonio"]
[Black "Espinoza Flores, Rafael"]
[Result "1/2-1/2"]
[WhiteElo "2295"]
[BlackElo "2425"]

1.Nf3 g6 2.g3 Bg7 3.Bg2 Nf6 4.c4 O-O 5.O-O d6 6.d4 a6 7.Nc3 Nc6 8.b3 Rb8
9.Bb2 b5 10.cxb5 axb5 11.Rc1 Na5 12.d5 b4 13.Na4 Bd7 14.Nd4 e5 15.dxe6 fxe6
16.Nc6 Nxc6 17.Bxc6 Bxc6 18.Rxc6 Qd7 19.Qc2 Rf7 20.Rc1 Rb7 21.Qc4 e5  1/2-1/2

[Event "Villa Martelli"]
[Site "Villa Martelli"]
[Date "1995.??.??"]
[Round "3"]
[White "Spangenberg, Hugo"]
[Black "Fucek, Claudio"]
[Result "1/2-1/2"]
[WhiteElo "2490"]
[BlackElo "2240"]

1.Nf3 Nf6 2.c4 g6 3.g3 Bg7 4.Bg2 O-O 5.O-O d6 6.d4 c5 7.d5 e6 8.Nc3 exd5
9.cxd5 a6 10.a4 Re8 11.Nd2 Nbd7 12.Nc4 Ne5 13.Na3 Nh5 14.e4 f5 15.h3 Rf8
16.exf5 Bxf5 17.Be3 Rb8 18.g4 Bxg4 19.hxg4 Qh4 20.f3 Nxg4 21.fxg4 Be5 22.Rf3 Qh2+
23.Kf1 Ng3+ 24.Kf2 Bxc3 25.bxc3 Ne4+ 26.Kf1 Ng3+ 27.Kf2 Ne4+ 28.Kf1 Ng3+
29.Kf2  1/2-1/2

[Event "Vladivostok op"]
[Site "Vladivostok"]
[Date "1995.??.??"]
[Round "4"]
[White "Zhidkov, Valery S"]
[Black "Isupov, Vladimir"]
[Result "1-0"]
[WhiteElo "2315"]
[BlackElo "2430"]

1.Nf3 Nf6 2.c4 g6 3.g3 Bg7 4.Bg2 O-O 5.O-O d6 6.d4 Nc6 7.Nc3 a6 8.h3 Rb8
9.Be3 b5 10.Nd2 Bd7 11.cxb5 axb5 12.Nde4 b4 13.Nxf6+ Bxf6 14.Ne4 Bg7 15.Rc1 Ra8
16.d5 Nb8 17.Qb3 c5 18.dxc6 Nxc6 19.Ng5 Ra6 20.Bd5 e6 21.Bc4 Na5 22.Qxb4 Nxc4
23.Qxc4 Ra5 24.h4 d5 25.Qd3 Bxb2 26.Rb1 Ra3 27.Qd1 Ba4 28.Qd2 Bc3 29.Qc1 Qe7
30.Nf3 e5 31.Bh6 Re8 32.Rb6 e4 33.Ng5 Bg7 34.Bxg7 Kxg7 35.Qb2+ Kg8 36.Rb7 Rxa2
37.Qb1 Bd7 38.Qxa2  1-0

[Event "Vladivostok Zaitsev"]
[Site "Vladivostok"]
[Date "1995.??.??"]
[Round "4"]
[White "Petukhov, Viacheslav M"]
[Black "Ivanov, Mikhail M"]
[Result "1/2-1/2"]
[WhiteElo "2275"]
[BlackElo "2445"]

1.c4 Nf6 2.Nf3 g6 3.g3 Bg7 4.Bg2 O-O 5.O-O d6 6.Nc3 a6 7.Rb1 e5 8.d3 h6 9.b4 Be6
10.a4 Nbd7 11.Nd2 c6 12.a5 d5 13.Na4 Re8 14.Qc2 Bf8 15.Nb3 Bxb4 16.Bxh6 Rb8
17.Bg5 Be7 18.Rb2 Ba3 19.Ra2 Bd6 20.Rb1 Qc7 21.Rab2  1/2-1/2

[Event "POL-ch"]
[Site "Warsaw"]
[Date "1995.??.??"]
[Round "5"]
[White "Matlak, Marek"]
[Black "Kempinski, Robert"]
[Result "1-0"]
[WhiteElo "2465"]
[BlackElo "2435"]

1.Nf3 Nf6 2.c4 g6 3.g3 Bg7 4.Bg2 O-O 5.O-O d6 6.d4 Nbd7 7.Qc2 e5 8.Rd1 Qe7
9.Nc3 c6 10.b3 Re8 11.e4 a5 12.d5 cxd5 13.cxd5 Nc5 14.Be3 Bd7 15.Bxc5 dxc5
16.Nd2 Reb8 17.a4 Ne8 18.Bf1 Nd6 19.Nc4 b6 20.Nxd6 Qxd6 21.Kg2 Rd8 22.Bb5 Bf8
23.Bxd7 Qxd7 24.Nb5 Bd6 25.Na3 Rf8 26.Nc4 Qc7 27.Ne3 Qd7 28.Qd3 f6 29.Qb5 Qxb5
30.axb5 Rab8 31.Nc4 Rfd8 32.Kf3 Kf7 33.Ke3 Ke7 34.f4 Rf8 35.Rf1 Kd7 36.Rf2 Bc7
37.Raf1 exf4+ 38.gxf4 Rbe8 39.h4 Rf7 40.Kf3 g5 41.d6 Bd8 42.hxg5 fxg5 43.f5 h5
44.Re2 Rxf5+ 45.exf5 g4+ 46.Kf2 Bh4+ 47.Kg1 Rxe2 48.f6 Re8 49.Ne5+ Kxd6 50.f7 Rf8
51.Ng6 Be7 52.Nxf8 Bxf8 53.Rf6+ Ke7 54.Rxb6 Kxf7 55.Rc6 Bg7 56.Rc7+  1-0

[Event "NBG Open Weilburg"]
[Site "Weilburg"]
[Date "1995.??.??"]
[Round "8"]
[White "Donchenko, Anatoly G"]
[Black "Kulaots, Kaido"]
[Result "1/2-1/2"]
[WhiteElo "2405"]
[BlackElo "2390"]

1.Nf3 Nf6 2.c4 g6 3.g3 Bg7 4.Bg2 O-O 5.O-O d6 6.d4 Nc6 7.Nc3 a6 8.b3 Rb8
9.e3 b5 10.Qe2 b4 11.Na4 e5 12.dxe5 Nd7 13.Bb2 dxe5 14.Nd2 Bb7 15.Rac1 Qe7
16.c5 f5 17.Nc4 e4 18.Rfd1 Bxb2 19.Qxb2 Nde5 20.Nxe5 Nxe5 21.c6 Bxc6 22.Rc5 Rb5
23.Qd4 Rxc5 24.Qxc5 Qxc5 25.Nxc5 a5 26.Ne6 Re8 27.Nd4 Bd7 28.Rc1 Rc8 29.Rc5 Nd3
30.Rxa5 c5 31.Ne2 Bc6 32.Nf4 Nxf4 33.gxf4 Bd5 34.Bf1 Rc7 35.Be2  1/2-1/2

[Event "Werfen op"]
[Site "Werfen"]
[Date "1995.??.??"]
[Round "1"]
[White "Staller, Peter"]
[Black "Dunsbach, Ralf"]
[Result "1-0"]
[WhiteElo "2375"]
[BlackElo "2005"]

1.Nf3 Nf6 2.g3 g6 3.Bg2 Bg7 4.c4 O-O 5.O-O c5 6.Nc3 Nc6 7.d4 cxd4 8.Nxd4 Nxd4
9.Qxd4 d6 10.Qd2 Qc7 11.b3 a6 12.Bb2 Bd7 13.Rac1 Rfc8 14.Rfd1 Rab8 15.e4 Qa5
16.a3 Bg4 17.f3 Be6 18.Qf2 Bd7 19.h4 Qd8 20.Bf1 Qe8 21.Nd5 Nxd5 22.exd5 Bxb2
23.Qxb2 Rc7 24.Rc3 Rbc8 25.Re3 Qf8 26.Rde1 e5 27.dxe6 Bxe6 28.Rxe6 fxe6 29.Bh3 e5
30.Be6+ Rf7 31.Qd2 Rc7 32.Rd1 Kg7 33.Bxf7 Rxf7 34.Qxd6 Rxf3 35.Qxe5+ Kh6
36.Qd4 Qf5 37.a4 Qe6 38.Qd2+ Kg7 39.Qd7+ Kf6 40.Rd6  1-0

[Event "Werfen op"]
[Site "Werfen"]
[Date "1995.??.??"]
[Round "1"]
[White "Neckar, Lubomir"]
[Black "Kossobudzki, Robert"]
[Result "1-0"]
[WhiteElo "2360"]
[BlackElo "2000"]

1.Nf3 Nf6 2.c4 g6 3.g3 Bg7 4.Bg2 O-O 5.d4 c5 6.O-O d6 7.Nc3 Nc6 8.d5 Na5
9.Nd2 Nd7 10.Qc2 Ne5 11.b3 a6 12.Bb2 Rb8 13.Nd1 b5 14.f4 Ng4 15.Bxg7 Kxg7
16.Qc3+ Kg8 17.h3 Nf6 18.e4 bxc4 19.bxc4 Nb7 20.Rb1 Nd7 21.Rb3 e5 22.Nf2 Qc7
23.Nd3 f6 24.Rfb1 Ra8 25.h4 Nd8 26.Bh3 f5 27.fxe5 dxe5 28.Rf1 f4 29.Bxd7 Bxd7
30.Qxe5 Qa5 31.Qc3 Qxc3 32.Rxc3 fxg3 33.Rxf8+ Kxf8 34.Nxc5 Bc8 35.Rxg3 Nf7
36.Rf3 Ke7 37.Nd3 Bg4 38.Rf2 Rc8 39.Rxf7+ Kxf7 40.Ne5+ Ke7 41.Nxg4 Kd6 42.e5+ Kc5
43.e6  1-0

[Event "Werfen op"]
[Site "Werfen"]
[Date "1995.??.??"]
[Round "5"]
[White "Neckar, Lubomir"]
[Black "Gelbmann, Norbert"]
[Result "0-1"]
[WhiteElo "2360"]
[BlackElo "2145"]

1.Nf3 Nf6 2.c4 g6 3.g3 Bg7 4.Bg2 O-O 5.d4 d6 6.Nc3 Nc6 7.O-O Bg4 8.d5 Na5
9.Nd2 c5 10.Qc2 Qd7 11.Re1 Bh3 12.Bh1 a6 13.b3 b5 14.Bb2 bxc4 15.bxc4 Rab8
16.Nd1 Rb4 17.Bc3 Qa4 18.Qxa4 Rxa4 19.Nb2 Ra3 20.Nb1 Rxc3 21.Nxc3 Rb8 22.Rab1 Bf5
23.Nd3 Ra8 24.e4 Bh3 25.Na4 Nxc4 26.Nb6 Nxb6 27.Rxb6 c4 28.Nb4 a5 29.Nc6 Nd7
30.Rb5 Kf8 31.Rxa5 Rxa5 32.Nxa5 Bc3 33.Rc1 Bxa5 34.Rxc4 Nc5 35.e5 Bf5 36.exd6 exd6
37.Bf3 Bd3 38.Rc1 Ke7 39.Kg2 Kf6 40.h3 Ke5 41.a3 Bd2 42.Rd1 Nb3 43.g4 Bc2
44.Rg1 Nd4 45.Ra1 Nxf3 46.Kxf3 Kxd5 47.a4 Ba5 48.Rc1 Bb3 49.Kg3 Bc4 50.Rb1 Kc6  0-1

[Event "Werfen op"]
[Site "Werfen"]
[Date "1995.??.??"]
[Round "8"]
[White "Kraschl, Joerg"]
[Black "Hresc, Vladimir"]
[Result "1-0"]
[WhiteElo "2320"]
[BlackElo "2445"]

1.c4 Nf6 2.Nf3 g6 3.g3 Bg7 4.Bg2 O-O 5.O-O d6 6.d4 c6 7.Nc3 Bg4 8.h3 Bf5
9.Ne1 e5 10.d5 cxd5 11.cxd5 Na6 12.e4 Bd7 13.Nd3 Nc5 14.Nxc5 dxc5 15.Be3 Rc8
16.Kh2 Ne8 17.f4 Nd6 18.f5 gxf5 19.Qh5 fxe4 20.Nxe4 Be8 21.Rf6 Bxf6 22.Nxd6 Bg7
23.Nf5 f6 24.Qg4 Bg6 25.Be4 Kh8 26.h4 Qe8 27.h5 Rc7 28.hxg6 Qxg6 29.Qh4 Rd8
30.Ne7 Qxe4 31.Qxe4 Rxe7 32.g4 Red7 33.Rd1 b6 34.Kg2 Kg8 35.a4 Kh8 36.Rh1 Bf8
37.Qf5 Rf7 38.g5 Kg8 39.gxf6 Rxd5 40.Rh3 Rd8 41.Rg3+ Kh8 42.Qe6 Rdd7 43.Qg4  1-0

[Event "EU-ch U18"]
[Site "Zagan"]
[Date "1995.??.??"]
[Round "2"]
[White "Muningis, Paulius"]
[Black "Kempinski, Robert"]
[Result "0-1"]
[WhiteElo "2095"]
[BlackElo "2455"]

1.Nf3 Nf6 2.c4 g6 3.g3 Bg7 4.Bg2 O-O 5.O-O c6 6.Nc3 d6 7.d4 Nbd7 8.e4 e5
9.h3 Qb6 10.c5 dxc5 11.dxe5 Ne8 12.e6 fxe6 13.Ng5 Ne5 14.f4 c4+ 15.Kh2 Nd3
16.e5 Nc7 17.Qe2 Nd5 18.Be4 Nxc1 19.Raxc1 Qe3 20.Qg2 Ne7 21.h4 Nf5 22.g4 Ne7
23.Rce1 Qc5 24.Kh1 h6 25.Nh3 Bd7 26.h5 Be8 27.g5 Nf5 28.gxh6 Bxh6 29.hxg6 Kg7
30.Ng5 Bxg5 31.Qxg5 Qe7 32.Qxe7+ Nxe7 33.Rd1 Nxg6 34.Bxg6 Bxg6 35.Rd6 Rae8
36.Kg2 Kf7 37.Kf3 Rd8 38.Ne4 Bxe4+ 39.Kxe4 Rxd6 40.exd6 Ke8 41.Rh1 Rf7 42.f5 Rxf5
43.Rh8+ Kd7 44.Rh7+ Kxd6 45.Rxb7 Rb5 46.Rxa7 Rxb2 47.Kd4 Rc2 48.a4 e5+ 49.Ke3 Ra2
50.Ra8 Kd5 51.a5 Ra3+ 52.Kd2 c3+ 53.Kc2 Kc4 54.a6 Ra2+ 55.Kc1 e4 56.a7 c5
57.Re8 Rxa7 58.Rxe4+ Kb3  0-1

[Event "EU-ch U18 Girls"]
[Site "Zagan"]
[Date "1995.??.??"]
[Round "4"]
[White "Kononenko, Tatiana"]
[Black "Dworakowska, Joanna"]
[Result "1/2-1/2"]
[WhiteElo "2240"]
[BlackElo "2290"]

1.Nf3 Nf6 2.c4 g6 3.g3 Bg7 4.Bg2 O-O 5.O-O d6 6.Nc3 e5 7.d3 Nc6 8.Rb1 a5
9.Bg5 h6 10.Bxf6 Bxf6 11.a3 Be6 12.b4 axb4 13.axb4 Qd7 14.b5 Nd8 15.Nd5 Bg7
16.Nd2 f5 17.Qc2 Kh7 18.c5 Bxd5 19.Bxd5 c6 20.bxc6 bxc6 21.Bg2 d5 22.e4 Ne6
23.exd5 cxd5 24.Rb6 Rfc8 25.Nb3 Rc6 26.Rc1 Rac8 27.Qa2 e4 28.dxe4 dxe4 29.Rxc6 Rxc6
30.Bf1 Rc7 31.Qa6 Ng5 32.Bb5 Qf7 33.Bc4 Qf8 34.Qd6 Qxd6 35.cxd6 Rd7 36.Rd1 Be5
37.Rd5 Rxd6 38.Rxd6 Bxd6 39.Kg2 Nf3 40.Nc1 g5 41.Ne2 Kg6 42.h3 Kf6 43.Ba2 Bc5
44.Nc3 Ke5 45.Bg8 h5 46.Bf7 h4 47.Bh5 Ne1+ 48.Kf1 Nd3 49.Nd1 f4 50.gxh4 gxh4
51.Ke2 f3+ 52.Kf1 Kf4 53.Be8 Bd4 54.Bd7 Nc1 55.Bb5 Nd3 56.Bd7 Ke5 57.Bb5 Kd6
58.Ba6 Kc7 59.Bxd3 Kd8  1/2-1/2

[Event "EU-ch U16"]
[Site "Zagan"]
[Date "1995.??.??"]
[Round "9"]
[White "Vaklinov, Atanas"]
[Black "Istrate, Bogdan"]
[Result "1-0"]
[WhiteElo "2025"]
[BlackElo "2205"]

1.Nf3 Nf6 2.c4 g6 3.g3 Bg7 4.Bg2 O-O 5.O-O d6 6.d4 c6 7.Nc3 a6 8.Qc2 Nfd7
9.Rd1 b5 10.b3 b4 11.Na4 e5 12.dxe5 dxe5 13.Be3 Qe7 14.Rac1 a5 15.Qd2 Re8
16.Qd6 Qxd6 17.Rxd6 Bf8 18.Rd2 f5 19.Rcd1 Ra6 20.c5 Ra7 21.Nb6 Nxb6 22.cxb6 Rd7
23.Rxd7 Bxd7 24.b7 c5 25.Nxe5 Rxe5 26.Bf4 Bg7 27.Rd5 Re8 28.Bxb8 Bc6 29.Rxc5 Bxb7
30.Bxb7 Rxb8 31.Bd5+ Kf8 32.Rxa5 Rc8 33.Ra7 Bd4 34.Rf7+ Ke8 35.Rxh7 Rc1+
36.Kg2 Rc2 37.Kf3 g5 38.Rf7 g4+ 39.Kg2 Rxe2 40.Rxf5 Rxa2 41.Rf4 Bc5 42.Bc4 Ke7
43.Re4+ Kf6 44.Re2 Rxe2 45.Bxe2 Kf5 46.f3 gxf3+ 47.Kxf3 Be7 48.h4 Kg6 49.Kg4 Bd6
50.Bd3+ Kf6 51.Kf3 Ke5 52.g4 Be7 53.g5 Ke6 54.Kg4 Kf7 55.h5 Bf8 56.h6 Be7
57.g6+ Kf6 58.g7  1-0

[Event "Zaragoza op-A"]
[Site "Zaragoza"]
[Date "1995.??.??"]
[Round "6"]
[White "San Segundo, Pablo"]
[Black "Foisor, Ovidiu"]
[Result "1-0"]
[WhiteElo "2480"]
[BlackElo "2415"]

1.c4 Nf6 2.Nf3 g6 3.g3 Bg7 4.Bg2 O-O 5.O-O c6 6.d4 d6 7.Nc3 Bf5 8.e3 Na6
9.h3 Ne4 10.Ne2 Bd7 11.a3 Nc7 12.b3 Rb8 13.Ne1 Nf6 14.Nd3 b5 15.cxb5 Rxb5
16.Bd2 Bf5 17.a4 Rb6 18.Ba5 Qd7 19.Bxb6 axb6 20.Kh2 c5 21.Rc1 Ncd5 22.Ndf4 Nb4
23.g4 g5 24.gxf5 gxf4 25.dxc5 bxc5 26.Rc4 fxe3 27.fxe3 d5 28.Rh4 h5 29.Kh1 Bh6  1-0

[Event "Donau op 5th"]
[Site "Aschach"]
[Date "1996.??.??"]
[Round "3"]
[White "Kilgus, Georg"]
[Black "Lechtynsky, Jiri"]
[Result "0-1"]
[WhiteElo "2190"]
[BlackElo "2425"]

1.Nf3 Nf6 2.c4 g6 3.g3 Bg7 4.Bg2 O-O 5.O-O c6 6.d4 d6 7.Nc3 Qa5 8.h3 Be6
9.Qd3 Qa6 10.b3 d5 11.Ne5 dxc4 12.Nxc4 Rd8 13.Rd1 Nbd7 14.Ne5 Qa5 15.Nf3 Nc5
16.Qc2 Nxb3 17.axb3 Qxa1  0-1

[Event "AUT-chT2S 9697"]
[Site "Austria"]
[Date "1996.??.??"]
[Round "3"]
[White "Buchegger, J."]
[Black "Kratschmer, Heinz"]
[Result "1/2-1/2"]
[WhiteElo "2105"]
[BlackElo "1995"]

1.c4 Nf6 2.Nf3 g6 3.g3 Bg7 4.Bg2 O-O 5.O-O c6 6.d4 d5 7.cxd5 cxd5 8.Ne5 Nc6
9.Nxc6 bxc6 10.Nc3 Bf5 11.Bf4 Qd7 12.Rc1 Bh3 13.Be5 Bh6 14.e3  1/2-1/2

[Event "AUT-chT9697"]
[Site "Austria"]
[Date "1996.??.??"]
[Round "3"]
[White "Kraschl, Joerg"]
[Black "Schumi, Manfred"]
[Result "1/2-1/2"]
[WhiteElo "2335"]
[BlackElo "2245"]

1.Nf3 Nf6 2.c4 g6 3.g3 Bg7 4.Bg2 O-O 5.O-O d6 6.d4 Nbd7 7.Nc3 e5 8.e4 a6
9.Re1 exd4 10.Nxd4 Ng4 11.h3 Qf6 12.Nf3 Nge5 13.Nd5 Nxf3+ 14.Qxf3 Qxf3  1/2-1/2

[Event "AUT-chT2S 9697"]
[Site "Austria"]
[Date "1996.??.??"]
[Round "6"]
[White "Buchegger, J."]
[Black "Emberger, Juergen"]
[Result "1/2-1/2"]
[WhiteElo "1995"]
[BlackElo "2040"]

1.c4 Nf6 2.Nf3 g6 3.g3 Bg7 4.Bg2 O-O 5.O-O c5 6.Nc3 Nc6 7.d4 cxd4 8.Nxd4 a6
9.h3 Qc7 10.Be3 d6 11.Rc1 Nxd4 12.Bxd4 e6 13.Qd2 Bd7 14.Rfd1 Rad8 15.Bxf6 Bxf6
16.Qxd6 Qxd6 17.Rxd6 Bc8 18.Rcd1 Rxd6 19.Rxd6 Rd8 20.Rxd8+ Bxd8 21.e3 Kf8
22.Kf1 b6 23.Ke2 Ke7 24.Kd3 Kd7 25.b4 Be7 26.a3 Kc7 27.Ne2 a5 28.Kc3 Bd7
29.Nc1 axb4+ 30.axb4 Ba4 31.Nd3 g5 32.c5 Bf6+ 33.Kd2 bxc5 34.bxc5 Bb5 35.Be4  1/2-1/2

[Event "AUT-chT2S 9596"]
[Site "AUT"]
[Date "1996.??.??"]
[Round "?"]
[White "Kastner, Walter"]
[Black "Manhardt, Thomas"]
[Result "1/2-1/2"]
[WhiteElo "2300"]
[BlackElo "2070"]

1.Nf3 Nf6 2.c4 g6 3.g3 Bg7 4.Bg2 O-O 5.O-O d6 6.Nc3 e5 7.d4 Nc6 8.d5 Ne7
9.e4 a5 10.Ne1 Ne8 11.Nd3 f5 12.Bg5 Nf6 13.Bxf6 Bxf6 14.f4 exf4 15.Nxf4 fxe4
16.Qd2 e3 17.Qxe3 Nf5 18.Qd2 Bd4+ 19.Kh1 Be3 20.Qd3 Qg5 21.Rf3 Bxf4 22.Rxf4  1/2-1/2

[Event "Wch Seniors"]
[Site "Bad Liebenzell"]
[Date "1996.??.??"]
[Round "8"]
[White "Krogius, Nikolai V"]
[Black "Kraidman, Yair"]
[Result "1-0"]
[WhiteElo "2470"]
[BlackElo "2380"]

1.c4 Nf6 2.Nf3 g6 3.g3 Bg7 4.Bg2 O-O 5.O-O d6 6.d4 Nc6 7.Nc3 Bg4 8.d5 Bxf3
9.exf3 Na5 10.Qd3 c5 11.Bd2 a6 12.b3 Qc7 13.f4 Rfb8 14.Rac1 b5 15.Nd1 bxc4
16.bxc4 Nb7 17.f5 Nd8 18.Re1 Ra7 19.fxg6 hxg6 20.Bh3 Rab7 21.Qa3 e5 22.dxe6 Nxe6
23.Bxe6 fxe6 24.Rxe6 Qd7 25.Re1 Qh3 26.Qf3 Rf7 27.Qg2 Qh5 28.h3 Nd7 29.f4 Bd4+
30.Kh2 Nf6 31.g4 Qh4 32.Qg3 Qxg3+ 33.Kxg3 d5 34.cxd5 Nxd5 35.Re6 Kg7 36.Re4 Rfb7
37.Bc3 Nxc3 38.Nxc3 Rb2 39.Ne2 Rd8 40.Nxd4 cxd4 41.Rc7+ Kh8 42.Ree7 d3 43.Rh7+ Kg8
44.Rcg7+ Kf8 45.Rf7+ Kg8 46.Rfg7+ Kf8 47.Rd7 Rxd7 48.Rxd7 d2 49.Kh4 Ke8 50.Rd3 Rxa2
51.Kg5 Kf7 52.h4 Rb2 53.Kh6 a5 54.g5 a4 55.f5 gxf5 56.g6+ Kf6 57.g7 Rb4 58.h5 Rg4
59.Rd6+ Kf7 60.Rxd2 f4 61.Rd8 Rxg7 62.Rd7+  1-0

[Event "AZE-ch"]
[Site "Baku"]
[Date "1996.??.??"]
[Round "?"]
[White "Allahverdiev, Anar"]
[Black "Zulfugarli, Magomed"]
[Result "0-1"]
[WhiteElo "2290"]
[BlackElo "2325"]

1.Nf3 Nf6 2.c4 g6 3.g3 Bg7 4.Bg2 O-O 5.O-O d5 6.d4 dxc4 7.Na3 c6 8.Nxc4 Bg4
9.b3 h6 10.Ba3 Nbd7 11.Rc1 Re8 12.h3 Be6 13.Qe1 Bd5 14.e3 Ne4 15.Qe2 a5 16.Rfd1 a4
17.b4 Qb8 18.Ne1 f5 19.Nd3 Bxc4 20.Rxc4 e5 21.dxe5 Nxe5 22.Nxe5 Qxe5 23.Bxe4 fxe4
24.Rcd4 Qb5 25.Qxb5 cxb5 26.Rd6 Rac8 27.Rxg6 Kh7 28.Rgd6 Rc2 29.R1d2 Rec8
30.Kf1 R8c3 31.Rxc2 Rxc2 32.Ke1 Rxa2 33.Bc1 Ra1 34.Kd2 a3 35.Rd7 Kh8 36.Rd8+ Kh7
37.Rd7 Kg6 38.Rxb7 Bb2 39.Rc7 Rxc1  0-1

[Event "Balatonalm di op"]
[Site "Balaton"]
[Date "1996.??.??"]
[Round "1"]
[White "Fancsy, Imre"]
[Black "Goczo, Melinda"]
[Result "1/2-1/2"]
[WhiteElo "2365"]
[BlackElo "2115"]

1.Nf3 Nf6 2.c4 g6 3.g3 Bg7 4.Bg2 O-O 5.d4 d6 6.Nc3 Nc6 7.O-O e5 8.d5 Ne7
9.c5 Ne8 10.cxd6 cxd6 11.Nd2 f5 12.Nc4 Qc7 13.Qb3 Bd7 14.Bg5 Rf7 15.Rfc1 Rc8
16.Nb5 Qb8 17.a4 b6 18.a5 bxa5 19.Nca3 Nc7 20.Bxe7 Rxe7 21.Rc3 a4 22.Qxa4 Nxb5
23.Rxc8+ Qxc8 24.Nxb5 Qc5 25.Qh4 Re8 26.Nc3 e4 27.Qf4 Rb8 28.Qd2 Rb4 29.h4 Qb6
30.Ra2 Bc8 31.e3 Ba6 32.Bf1 Bxf1 33.Kxf1 Rc4 34.Ra3 a5 35.Kg2 Qb4 36.Qe2 Rxc3
37.Rxc3 Bxc3 38.bxc3 Qxc3 39.Qb5 Qc7 40.Qc6 Qd8 41.Qb7 Kh8 42.Qa7 Kg8 43.Qb7 Kh8
44.Qa7 Kg8 45.Qb7  1/2-1/2

[Event "Balatonalm di op"]
[Site "Balaton"]
[Date "1996.??.??"]
[Round "5"]
[White "Vadasz, Laszlo"]
[Black "Horvath, Tamas"]
[Result "1/2-1/2"]
[WhiteElo "2375"]
[BlackElo "2410"]

1.Nf3 Nf6 2.c4 g6 3.g3 Bg7 4.Bg2 O-O 5.O-O d6 6.Nc3 c5 7.d4 Nc6 8.dxc5 dxc5
9.Be3 Be6 10.Bxc5 Qa5 11.Ba3 Bxc4 12.Nd4 Nxd4 13.Qxd4 Rac8 14.Qf4 Nd5 15.Nxd5 Bxd5
16.Bb4 Qb5 17.a4 Qc4 18.Bxe7 Qxf4 19.gxf4 Bxg2 20.Bxf8 Bxf1 21.Bxg7 Bxe2
22.Bc3  1/2-1/2

[Event "Balatonalm di op"]
[Site "Balaton"]
[Date "1996.??.??"]
[Round "6"]
[White "Fancsy, Imre"]
[Black "Carlsson, Daniel"]
[Result "1/2-1/2"]
[WhiteElo "2365"]
[BlackElo "2165"]

1.Nf3 Nf6 2.c4 g6 3.g3 Bg7 4.Bg2 O-O 5.d4 d6 6.Nc3 c6 7.O-O Qa5 8.h3 Be6
9.Qd3 Qa6 10.b3 d5 11.Ne5 Rd8 12.Rd1 dxc4 13.Nxc4 b5 14.Nd2 b4 15.Qxa6 Nxa6
16.Na4 Rxd4 17.Bb2 Rd6 18.Be5 Nd5 19.Bxg7 Kxg7 20.Nc4 Rdd8 21.Na5  1/2-1/2

[Event "Balatonbereny op"]
[Site "Balatonbereny"]
[Date "1996.??.??"]
[Round "4"]
[White "Vadasz, Laszlo"]
[Black "Grabics, Monika"]
[Result "1-0"]
[WhiteElo "2375"]
[BlackElo "2225"]

1.Nf3 Nf6 2.c4 g6 3.g3 Bg7 4.Bg2 O-O 5.O-O d6 6.Nc3 Nc6 7.d4 Bf5 8.d5 Na5
9.Nd2 c5 10.e4 Bg4 11.f3 Bd7 12.Qc2 Qc8 13.b3 Nh5 14.Bb2 Bh3 15.Ne2 Bxg2
16.Kxg2 e5 17.f4 f5 18.fxe5 dxe5 19.Nf3 Qe8 20.Ng5 f4 21.Ne6 f3+ 22.Rxf3 Rxf3
23.Kxf3 Nc6 24.Nxg7 Qf7+ 25.Kg2 Rf8 26.Ng1 Nb4 27.Qe2 Qxg7 28.Nf3 Qe7 29.a3 Na6
30.Nxe5 Qg5 31.Nd3 Nc7 32.Re1 Ne8 33.e5 Neg7 34.Bc1 Qe7 35.g4  1-0

[Event "Regionalliga NW9596"]
[Site "Bayern"]
[Date "1996.??.??"]
[Round "?"]
[White "Schell, Walter"]
[Black "Dizdarevic, Mehmedalija"]
[Result "1-0"]
[WhiteElo "2055"]
[BlackElo "2005"]

1.Nf3 Nf6 2.c4 g6 3.g3 Bg7 4.Bg2 O-O 5.O-O d6 6.Nc3 c6 7.d3 Qc7 8.Rb1 a5
9.a3 Na6 10.b4 axb4 11.axb4 Bd7 12.Nd2 e6 13.b5 Nb8 14.Qb3 c5 15.Nde4 Nxe4
16.Nxe4 Bc8 17.Bf4 Rd8 18.Bg5 Re8 19.Bf6 Nd7 20.Bxg7 Kxg7 21.b6 Qb8 22.Ra1 Rxa1
23.Qb2+ e5 24.Rxa1 Nf8 25.Nc3 Bd7 26.Nd5 Ne6 27.Bh3 f5 28.Ra7 Bc6 29.Bg2 Rf8
30.Nc7 Nxc7 31.Bxc6 bxc6 32.Rxc7+ Rf7 33.Rxf7+ Kxf7 34.b7 Ke7 35.Qb6 Kd7
36.Kf1 g5 37.Ke1 h5 38.Kd2 e4 39.Kc2 d5 40.Kb3 exd3 41.exd3 dxc4+ 42.Kxc4 Qg8+
43.Kxc5 Qf8+ 44.Kc4 Qb8 45.Kb4 Qd6+ 46.Ka4 Qb8 47.Ka5 Qe5+ 48.Ka6 Qa1+ 49.Qa5 Qb2
50.Ka7 Qd4+ 51.Ka8  1-0

[Event "Regionalliga NW9596"]
[Site "Bayern"]
[Date "1996.??.??"]
[Round "?"]
[White "Neubert, Marcus"]
[Black "Kraus, Josef"]
[Result "1/2-1/2"]
[WhiteElo "2020"]
[BlackElo "2090"]

1.Nf3 Nf6 2.c4 g6 3.g3 Bg7 4.Bg2 O-O 5.O-O d6 6.d4 Nbd7 7.Nc3 c6 8.e4 e5
9.h3 Re8 10.d5 cxd5 11.cxd5 Nc5 12.Qe2 a5 13.Nd2 Bd7 14.Nc4 Qc7 15.Be3 b5
16.Nd2 Rab8 17.Rfc1 b4 18.Ncb1 Bb5 19.Qd1 a4 20.a3 b3 21.Nc3 Bd7 22.Nc4  1/2-1/2

[Event "Regionalliga NO9697"]
[Site "Bayern"]
[Date "1996.??.??"]
[Round "?"]
[White "Muehl, Theobald"]
[Black "Ertl, Rolf"]
[Result "1/2-1/2"]
[WhiteElo "2145"]
[BlackElo "2110"]

1.Nf3 Nf6 2.g3 g6 3.Bg2 Bg7 4.c4 O-O 5.Nc3 d6 6.O-O e5 7.d3 Nc6 8.Rb1 h6
9.b4 Be6 10.Ne1 Qc8 11.b5 Ne7 12.e4 Bh3 13.Qe2 Bxg2 14.Kxg2 Nh5 15.Nd5 Nxd5
16.cxd5 a6 17.b6 c6 18.dxc6 Qxc6 19.Be3 Rac8 20.Rc1 Qd7 21.Nf3 d5 22.Qb2 d4
23.Bd2 Kh7 24.h3 f5 25.Bb4 fxe4 26.dxe4 Rxc1 27.Rxc1 Rc8 28.Bd2 Rc6 29.a4 Qc8
30.Ne1 Nf6 31.f3 Nd7 32.a5 Rxc1 33.Bxc1 Qc4 34.Qc2 Qxc2+ 35.Nxc2 Bf8 36.Bd2 Kg7
37.f4 Nc5 38.Kf3 Nb3 39.Ke2 Nc5  1/2-1/2

[Event "Regionalliga SO9596"]
[Site "Bayern"]
[Date "1996.??.??"]
[Round "?"]
[White "Bauer, Frank"]
[Black "Zankl, Thomas"]
[Result "1/2-1/2"]
[WhiteElo "1870"]
[BlackElo "1840"]

1.c4 Nf6 2.Nf3 g6 3.g3 Bg7 4.Bg2 O-O 5.Nc3 d6 6.O-O c6 7.d4 Re8 8.e4 Nbd7
9.h3 e5 10.Be3 b6 11.dxe5 dxe5 12.c5 Ba6 13.Re1 Nxc5 14.Bxc5 Qxd1 15.Raxd1 bxc5
16.Rd6 Rac8 17.Na4 Rc7 18.Nxc5 Bf8 19.Nxa6 Bxd6 20.Nxc7 Bxc7 21.Bf1 Ba5 22.Rc1 Nxe4
23.Rxc6 Bb6 24.Rc2 Nxg3 25.Bc4 Kg7 26.Kg2 Nf5 27.Re2 f6 28.Ne1 Rd8 29.Nc2 Rd6
30.Ne3 Bxe3 31.fxe3 Rd1 32.Be6 Nd6 33.Rc2 Kh6 34.Rc7 Rd2+ 35.Kf3 Rxb2 36.Rxa7 e4+
37.Kg3 Re2 38.Ra3 Rd2 39.Rc3 Rd3 40.Rxd3 exd3 41.Kf3 f5 42.a4 Nb7 43.Bd5 Na5
44.e4 fxe4+ 45.Bxe4 d2 46.Ke2 Nc4 47.Bc2 Kg5 48.Bb3 Na5 49.Ba2 d1=Q+ 50.Kxd1 Kf4
51.Kd2 Ke5  1/2-1/2

[Event "Regionalliga SW9596"]
[Site "Bayern"]
[Date "1996.??.??"]
[Round "?"]
[White "Oberhofer, Max"]
[Black "Glaser, Wolfgang"]
[Result "1-0"]
[WhiteElo "2290"]
[BlackElo "2120"]

1.g3 Nf6 2.Bg2 g6 3.Nf3 Bg7 4.c4 O-O 5.Nc3 d6 6.O-O e5 7.d3 Nc6 8.Rb1 a5
9.Bd2 Bf5 10.e4 Bg4 11.h3 Be6 12.Nd5 Qd7 13.Kh2 Bxd5 14.cxd5 Nb4 15.Qb3 c5
16.dxc6 Nxc6 17.Be3 Kh8 18.Rbd1 a4 19.Qc2 Rfc8 20.Qb1 d5 21.d4 exd4 22.Nxd4 dxe4
23.Nb5 Qe6 24.Nd6 Rd8 25.Nxb7 Rxd1 26.Rxd1 Ne5 27.Nc5 Qe7 28.Nxe4 Nxe4 29.Qxe4 Qe8
30.Qxa8  1-0

[Event "Lee Cup"]
[Site "Beijing"]
[Date "1996.??.??"]
[Round "4"]
[White "Szekely, Peter"]
[Black "Ye Jiangchuan"]
[Result "1/2-1/2"]
[WhiteElo "2455"]
[BlackElo "2540"]

1.Nf3 Nf6 2.c4 g6 3.g3 Bg7 4.Bg2 O-O 5.d4 d5 6.cxd5 Nxd5 7.O-O Nb6 8.Nc3 Nc6
9.d5 Na5 10.e4 c6 11.Bf4 cxd5 12.exd5 Bg4 13.h3 Bxf3 14.Bxf3 Nac4 15.Qe2 Rc8
16.Rac1 Nd6 17.Rfd1 a6 18.Bg4 Rc7 19.h4 h5 20.Bh3 Re8 21.Ne4 Rxc1 22.Bxc1 Nxe4
23.Qxe4 Nc8 24.Be3  1/2-1/2

[Event "Lee Cup"]
[Site "Beijing"]
[Date "1996.??.??"]
[Round "10"]
[White "Landa, Konstantin"]
[Black "Tong Yuanming"]
[Result "1-0"]
[WhiteElo "2570"]
[BlackElo "2500"]

1.Nf3 Nf6 2.c4 g6 3.g3 Bg7 4.Bg2 O-O 5.O-O d6 6.d4 a6 7.Nc3 Nc6 8.d5 Na5
9.Nd2 c5 10.Rb1 Rb8 11.b3 b5 12.Bb2 bxc4 13.bxc4 Bh6 14.Ba1 Bf5 15.e4 Bg4
16.Qc2 Bxd2 17.Qxd2 Nxc4 18.Qd3 Ne5 19.Qxa6 Ra8 20.Qb5 Bf3 21.Rfe1 g5 22.h3 h5
23.Qb3 Qa5 24.Ne2 Bxe4 25.Bxe4 Nxe4 26.Qe3 Qd2 27.Qxe4 f5 28.Qg2 Nd3 29.Qf3 g4
30.Qe3 Nxe1 31.Qe6+ Rf7 32.Qg6+ Kf8 33.Nf4 Ke8 34.Ne6 Rc8 35.Qg8+  1-0

[Event "Benasque op"]
[Site "Benasque"]
[Date "1996.??.??"]
[Round "5"]
[White "Toledo, Francisco J"]
[Black "Gallego, Victoriano"]
[Result "0-1"]
[WhiteElo "2190"]
[BlackElo "2395"]

1.c4 Nf6 2.Nf3 g6 3.g3 Bg7 4.Bg2 O-O 5.O-O d6 6.d4 c5 7.dxc5 dxc5 8.Ne5 Nfd7
9.Nd3 Nc6 10.Nc3 Nb6 11.Nxc5 Nxc4 12.Qa4 Nb6 13.Qh4 e6 14.Bg5 f6 15.Be3 f5
16.Bg5 Qd4 17.Bxc6 bxc6 18.Rad1 Qxc5 19.Be7 Qc4 20.Qxc4 Nxc4 21.Bxf8 Bxf8
22.Rd8 Nd6 23.Rd1 Nb7 24.R8d4 c5 25.Ra4 a5 26.Nb5 Ra6 27.Rc4 e5 28.Rc3 Rb6
29.a4 Be6 30.e4 fxe4 31.Re3 Bg4 32.Rd5 Nd6 33.Re1 Nxb5 34.axb5 Rxb5 35.Rxe5 Bf3
36.Re8 Rxb2 37.Ra1 a4 38.h3 a3 39.Ra8 c4 40.g4 c3  0-1